Phénomélogie et vérité: essai sur l'évolution de l'idée de vérité chez Husserl et Heidegger

Uloženo v:
Podrobná bibliografie
Hlavní autor: Waelhens, A. de (Autor)
Médium: Kniha
Jazyk:francouzština
Vydáno: París Universitaires de France 1953
Edice:Épiméthée. Essais Philosophiques
Témata:
Tagy: Přidat tag
Žádné tagy, Buďte první, kdo vytvoří štítek k tomuto záznamu!

MARC

LEADER 00000nam a2200000 a 4500
001 UCZ5292
003 CL-VaPUC
005 20240820103259.0
008 951117e19530000FR |||||||||||||||||fre|d
999 |c 241611  |d 241609 
040 |c Pontificia Universidad Católica de Valparaíso 
082 0 4 |a 142.7  |b WAE  |2 21 
100 0 |a Waelhens, A. de  |e author  |9 349248 
245 1 0 |a Phénomélogie et vérité: essai sur l'évolution de l'idée de vérité chez Husserl et Heidegger 
260 |a París  |b Universitaires de France  |c 1953 
300 |a 166 p 
490 0 |a Épiméthée. Essais Philosophiques 
583 |a last modification  |c 19951117 00:00:00  |k Rodrigo Vera 
600 0 7 |a  Husserl, Edmund   |d 1859-1938  |9 575718 
650 0 |a Fenomenología  |9 256519 
650 0 |a Lógica  |9 256849 
650 0 |a Epistemología   |9 264994 
650 0 |a Teoría del conocimiento   |9 255038 
650 0 |a Verdad  |9 313815 
852 |a BIBCUR 
942 |c BK  |2 ddc 
945 |d 19951117 00:00:00  |a lriquelm 
952 |0 0  |1 0  |4 0  |6 142_700000000000000_WAE_1953  |7 0  |8 P  |9 253988  |a BIBEDU  |b BIBEDU  |c BIBEDU_PB  |d 2019-11-19  |i 1573888  |o 142.7 WAE 1953  |p 1573888  |r 2024-01-25  |w 2019-11-19  |y BK  |k FIL